| 000 | 01130cam a2200277 4500 | ||
|---|---|---|---|
| 001 | sa 68019026 | ||
| 003 | DLC | ||
| 005 | 20260227112716.0 | ||
| 008 | 711008s1967 ii 000 0 eng | ||
| 010 | _asa 68019026 | ||
| 025 | _aPL480:I-F-E-518 | ||
| 040 |
_aDLC _cDLC _dDLC |
||
| 043 | _aa-ii--- | ||
| 050 | 0 | 0 |
_aBF755.I4 _bM87 |
| 100 | 1 | _aMuralidharan, Rajalakshmi. | |
| 245 | 1 | 0 |
_aDevelopmental norms of Indian children 2 1/2 to 5 years, _bfirst report, _cby Rajalakshmi Muralidharan, Shib K. Mitra [and] P. D. Khera. |
| 260 |
_a[New Delhi] _bDept. of Psychological Foundations, National Institute of Educational Research & Training, _c1967. |
||
| 300 |
_a30 p. _c33 cm. |
||
| 490 | 1 |
_a[Delhi] National Institute of Education, Dept. of Psychological Foundation. Research report _vno. 12 |
|
| 500 | _aCover title. | ||
| 650 | 0 | _aNational characteristics, East Indian. | |
| 650 | 0 |
_aChildren _zIndia. |
|
| 700 | 1 |
_aMitra, Shib K., _d1921- _ejoint author. |
|
| 700 | 1 |
_aKhera, P. D., _ejoint author. |
|
| 810 | 1 | 0 |
_a[Delhi] _bNational Institute of Education, Department of Psychological Foundation. _tResearch report _vno. 12. |
| 999 |
_c88779 _d88779 |
||